000 00585nam a22002177a 4500
003 UA-OsUOA
001 77108
007 ta
008 20110901b un ||||| |||| 00| 0 ukr d
100 _aДаніш М.
090 _a82
_bД18
942 _cSA
040 _aUA-OsUOA
_bukr
_cUA-OsUOA
_dUA-OsUOA
245 _aВізантологія та візантологічні студії Івана Франка
300 _aС.33-39
955 _a0
041 _aukr
080 _a82
773 0 _w77105
650 7 _a82 Література. Літературознавство
_2UDC
999 _c363411
_d363411